Haj, husičky, haj...

Bibliographic Details
Main Author: J. C. (Author)
Format: Article
Language:Slovak

MARC

LEADER 00000nab a2200000ua 4500
001 vtls010782572
003 SK-MaSNL
005 20260303153134.0
008 230222s1969 xo |||||||||||||||||slo|
035 |a (urnnbn)urn:nbn:sk:snk:ar-a02r5t 
035 |a (uuid)4a509a53-f5de-49c9-a4de-b96387009a63 
035 |a urn:nbn:sk:snk-ab4aha 
040 |a SNKBUCL  |b slo  |c SNKBUCL  |e AACR2 
041 0 |a slo 
044 |a xo  |c SK 
100 1 |a J. C.  |4 aut  |9 1118493 
245 1 0 |a Haj, husičky, haj...  |c J. C. 
773 0 |t Rodina a škola  |g Roč. 16, č. 6 (1969), s. 168-169 
954 |a odborná, vedecká literatúra pôvodná (slovenská)  |2 lita 
958 |a OND 
958 |a EUIPO 
958 |a article3 
999 |c 2026721  |d 2028651